Statistics for Popular Varieties of Apples

Click here to take the quiz!

General Stats

  • This quiz has been taken 86 times
  • The average score is 6 of 15

Answer Stats

Answer% Correct
GRANNY SMITH
92%
CRIPPS PINK
62%
RED DELICIOUS
62%
FUJI
61%
GOLDEN DELICIOUS
61%
GALA
60%
MCINTOSH
38%
BRAEBURN
35%
HONEYCRISP
35%
JONAGOLD
21%
JAZZ
18%
EMPIRE
13%
CRISPIN
3%
CAMEO
1%
MACOUN
1%

Score Distribution

Percentile by Number Answered

Percent of People with Each Score

Your Score History

You have not taken this quiz